Moneda, Banca y teoría monetaria / (Registro nro. 5649)
[ vista simple ]
| 000 -LEADER | |
|---|---|
| fixed length control field | 01251nam a2200301Ia 4500 |
| 003 - CONTROL NUMBER IDENTIFIER | |
| control field | OSt |
| 005 - DATE AND TIME OF LATEST TRANSACTION | |
| control field | 20210823110351.0 |
| 008 - FIXED-LENGTH DATA ELEMENTS--GENERAL INFORMATION | |
| fixed length control field | 191128s1977 ck gr 001 0 spa d |
| 020 ## - INTERNATIONAL STANDARD BOOK NUMBER | |
| International Standard Book Number | 9589029132 |
| 040 ## - CATALOGING SOURCE | |
| Original cataloging agency | CO-JMCR |
| Transcribing agency | CO-JMCR |
| 041 0# - LANGUAGE CODE | |
| Language code of text/sound track or separate title | spa |
| 082 04 - DEWEY DECIMAL CLASSIFICATION NUMBER | |
| Classification number | 332.4 / |
| Item number | G283m1 |
| Edition number | 21 |
| 100 1# - MAIN ENTRY--PERSONAL NAME | |
| Personal name | Gaviria Cadavid, Fernando, |
| Relator term | autor |
| 9 (RLIN) | 2655 |
| 245 10 - TITLE STATEMENT | |
| Title | Moneda, Banca y teoría monetaria / |
| Statement of responsibility, etc. | Fernando Gaviria Cadavid |
| 250 ## - EDITION STATEMENT | |
| Edition statement | Tercera edición |
| 260 ## - PUBLICATION, DISTRIBUTION, ETC. | |
| Place of publication, distribution, etc. | Bogotá : |
| Name of publisher, distributor, etc. | Universidad Jorge Tadeo Lozano, |
| Date of publication, distribution, etc. | 1977 |
| 300 ## - PHYSICAL DESCRIPTION | |
| Extent | 517 páginas ; |
| Dimensions | 23 cm. |
| 490 0# - SERIES STATEMENT | |
| Series statement | Colección Estudios de Economía |
| 500 ## - GENERAL NOTE | |
| General note | Incluye notas al pie de página. |
| 500 ## - GENERAL NOTE | |
| General note | Incluye indices analítico de temas y onomástico al final del texto. |
| 504 ## - BIBLIOGRAPHY, ETC. NOTE | |
| Bibliography, etc. note | Bibliografía: página 487-491 |
| 505 0# - FORMATTED CONTENTS NOTE | |
| Formatted contents note | Síntesis histórica de los acontecimientos monetarios en Colombia -- Estructura del sistema financiero colombiano -- Las Instituciones financieras internacionales -- Proceso de la creación del dinero -- Las estadísticas monetarias |
| 650 14 - SUBJECT ADDED ENTRY--TOPICAL TERM | |
| Topical term or geographic name entry element | Moneda |
| General subdivision | historia monetaria |
| Geographic subdivision | Colombia |
| 9 (RLIN) | 2656 |
| 650 14 - SUBJECT ADDED ENTRY--TOPICAL TERM | |
| Topical term or geographic name entry element | Banca |
| Geographic subdivision | Colombia |
| 9 (RLIN) | 2657 |
| 650 14 - SUBJECT ADDED ENTRY--TOPICAL TERM | |
| Topical term or geographic name entry element | Finanzas |
| Geographic subdivision | Colombia |
| 9 (RLIN) | 2658 |
| 650 14 - SUBJECT ADDED ENTRY--TOPICAL TERM | |
| Topical term or geographic name entry element | Indicadores económincos |
| Geographic subdivision | Colombia |
| 9 (RLIN) | 2659 |
| 942 ## - ADDED ENTRY ELEMENTS (KOHA) | |
| Source of classification or shelving scheme | Dewey Decimal Classification |
| Koha item type | Books |
| Withdrawn status | Lost status | Source of classification or shelving scheme | Damaged status | Not for loan | Collection code | Home library | Current library | Date acquired | Source of acquisition | Cost, normal purchase price | Full call number | Barcode | Date last seen | Copy number | Koha item type |
|---|---|---|---|---|---|---|---|---|---|---|---|---|---|---|---|
| Dewey Decimal Classification | Non-fiction | Biblioteca Pública José María del Castillo y Rada | Biblioteca Pública José María del Castillo y Rada | 04/15/2018 | Donación | 0.00 | 332.4 / G283m1 | 430002807 | 05/16/2024 | Ej.1 | Books |